| 000 | 00762nam a2200241Ia 4500 | ||
|---|---|---|---|
| 008 | 191130s2005##################000#0#eng## | ||
| 020 | _a9780743284448 | ||
| 022 | _a2005280624 | ||
| 040 |
_aACL _cACL |
||
| 082 | _a796.357092 SOK | ||
| 100 | _aSokolove, Michael Y | ||
| 245 |
_aHustle : the myth, life, and lies of Pete rose _cMichael Sokolove |
||
| 250 | _a1st Simon & Schuster trade pbk. ed | ||
| 260 |
_aNew York _bSimon & Schuster Paperbacks _cc2005 |
||
| 300 | _a304 p. ; 22 cm | ||
| 500 | _aIncludes index | ||
| 650 | _aBaseball players - United States - Biography | ||
| 650 | _aCincinnati Reds (Baseball team) - History | ||
| 650 | _aRose, Pete, 1941- | ||
| 990 | _a7867d633ac10000c0a6064a972db230a | ||
| 991 | _a318406 | ||
| 999 |
_c209720 _d209720 |
||